Fish farming handbook : food, bait, tropicals, and goldfish /

Bibliographic Details
Main Author: Brown, E. Evan
Other Authors: Gratzek, John B.
Format: Book
Language:English
Published: Westport, Conn. : AVI Pub. Co., [1980]
Subjects:

MARC

Tag First Indicator Second Indicator Subfields
LEADER 00000pam a2200000 i 4500
001 in00000695347
005 20151016052416.0
008 791003s1980 ctua b 00110 eng
010 |a  79023177  
020 |a 0870553410 
035 |a (OCoLC)05565006 
035 |9 ADB6457AM 
040 |a DLC  |c DLC  |d TXA  |d UtOrBLW 
049 |a TXAM  |c [931152] 
050 0 0 |a SH151  |b .B84 
082 0 |a 639/.31 
100 1 |a Brown, E. Evan. 
245 1 0 |a Fish farming handbook :  |b food, bait, tropicals, and goldfish /  |c E. Evan Brown, John B. Gratzek. 
264 1 |a Westport, Conn. :  |b AVI Pub. Co.,  |c [1980] 
264 4 |c ©1980 
300 |a xvi, 391 pages :  |b illustrations ;  |c 24 cm. 
336 |a text  |b txt  |2 rdacontent 
337 |a unmediated  |b n  |2 rdamedia 
338 |a volume  |b nc  |2 rdacarrier 
504 |a Includes bibliographies and index. 
650 0 |a Fish culture. 
700 1 |a Gratzek, John B. 
999 |a MARS 
999 f f |s e61a8e9f-a604-3257-87e9-eb251dfd3e42  |i db01890c-262d-3221-963e-7697df41fdcd  |t 0 
952 f f |p ric  |a Texas A&M University  |b Rellis Campus  |c Joint Library Facility  |d Remote Storage  |t 0  |e SH151 .B84  |h Library of Congress classification  |i unmediated -- volume  |m A14805247086 
998 f f |a SH151 .B84  |t 0  |l Remote Storage